| 000 | 004380000a22001690004500 | ||
|---|---|---|---|
| 003 | MACL | ||
| 005 | 20160105133401.0 | ||
| 008 | 160105b xxu||||| |||| 00| 0 eng d | ||
| 040 |
_aMACL _cMACL |
||
| 041 | _aEnglish | ||
| 082 | _a821/HUG | ||
| 100 |
_aHughes, Thomas _927991 |
||
| 245 | _aThe Poetical Works of James Russell Lowell | ||
| 260 |
_bMacmillan & Co Ltd _c1891 _aLondon |
||
| 650 |
_aPoetry _927992 |
||
| 942 |
_cBK _k821/HUG _2ddc |
||
| 999 |
_c38336 _d38336 |
||